تطبيقات الحسابات الفلكية في المسائل الإسلامية / (رقم التسجيلة. 111130)

تفاصيل مارك
000 -LEADER
fixed length control field 00889nam a22002177a 4500
005 - DATE AND TIME OF LATEST TRANSACTION
control field 20251108174520.0
008 - FIXED-LENGTH DATA ELEMENTS--GENERAL INFORMATION
fixed length control field 250721s2007 xx 000 0 ara d
082 14 - DEWEY DECIMAL CLASSIFICATION NUMBER
Classification number 529.327/مؤت
100 1# - MAIN ENTRY--PERSONAL NAME
Personal name عودة، محمد
Relator term محرر
245 10 - TITLE STATEMENT
Title تطبيقات الحسابات الفلكية في المسائل الإسلامية /
246 11 - VARYING FORM OF TITLE
Title proper/short title applucation of astronomical calculation to islamic issues
264 1# - PRODUCTION, PUBLICATION, DISTRIBUTION, MANUFACTURE, AND COPYRIGHT NOTICE
Place of production, publication, distribution, manufacture أبو ظبي :
Name of producer, publisher, distributor, manufacturer مركز الوثائق و البحوث،
Date of production, publication, distribution, manufacture, or copyright notice 2007.
300 ## - PHYSICAL DESCRIPTION
Extent 305 ص.
500 ## - GENERAL NOTE
General note أعمال مؤتمر الإمارات الفلكي الأول حول رؤية الهلال و التقويم الهجري و مواقيت الصلاة و اتجاه القبلة .
650 17 - SUBJECT ADDED ENTRY--TOPICAL TERM
Topical term or geographic name as entry element علم الفلك
650 17 - SUBJECT ADDED ENTRY--TOPICAL TERM
Topical term or geographic name as entry element الحسابات
650 17 - SUBJECT ADDED ENTRY--TOPICAL TERM
Topical term or geographic name as entry element التوقيت
700 1# - ADDED ENTRY--PERSONAL NAME
Personal name قسوم، نضال
Relator term محرر
942 ## - ADDED ENTRY ELEMENTS (KOHA)
Source of classification or shelving scheme Dewey Decimal Classification
Koha item type كتب
المقتنيات
حالة السحب حالة الفقدان مصدر التصنيف حالة التلف غير قابل للإعارة المكتبة الرئيسية المكتبة الحالية موقع الرف تاريخ التزويد الرقم المتسلسل Total Checkouts رقم الإستدعاء الباركود تاريخ آخر ظهور تاريخ الفاتورة نوع المادة (كوها)
    Dewey Decimal Classification     المكتبة المركزية المكتبة المركزية الإعارة 28/07/2025 1165000   529.327/مؤت 1165000 28/07/2025 28/07/2025 كتب
Implemented & Customized by: BBB with SCIT (Smart Chains for Information Technology)

Powered by Koha